Explosió! : (Record no. 182627)
[ view plain ]
| 000 -LEADER | |
|---|---|
| campo de control de longitud fija | 01054nam a2200265 i 4500 |
| 001 - NÚMERO DE CONTROL | |
| campo de control | 182627 |
| 003 - IDENTIFICADOR DE NÚMERO DE CONTROL | |
| campo de control | ES-MaACL |
| 005 - FECHA Y HORA DE LA ÚLTIMA TRANSACCIÓN | |
| campo de control | 20251215190755.0 |
| 008 - DATOS DE LONGITUD FIJA--INFORMACIÓN GENERAL | |
| campo de control de longitud fija | 131007s2012 sp a | |||||||| | cat d |
| 020 ## - NÚMERO INTERNACIONAL ESTÁNDAR DEL LIBRO | |
| Número Internacional Estándar del Libro | 978-84-938981-6-8 |
| 080 ## - NÚMERO DE LA CLASIFICACIÓN DECIMAL UNIVERSAL | |
| Número de la Clasificación Decimal Universal | 75 Pollock, Jackson (060.64) |
| 080 ## - NÚMERO DE LA CLASIFICACIÓN DECIMAL UNIVERSAL | |
| Número de la Clasificación Decimal Universal | 75.036(060.64) |
| 245 00 - MENCIÓN DEL TÍTULO | |
| Título | Explosió! : |
| Resto del título | el llegat de Jackson Pollock : Fundació Joan Miró, Barcelona / |
| Mención de responsabilidad, etc. | [comissariat, Magnus af Petersens]. |
| 260 ## - PUBLICACIÓN, DISTRIBUCIÓN, ETC. | |
| Lugar de publicación, distribución, etc. | Barcelona : |
| Nombre del editor, distribuidor, etc. | Fundació Joan Miró, |
| Fecha de publicación, distribución, etc. | D.L. 2012. |
| 300 ## - DESCRIPCIÓN FÍSICA | |
| Extensión | 212 p. : |
| Otras características físicas | il. col. y n. ; |
| Dimensiones | 29 cm. |
| 546 ## - NOTA DE IDIOMA | |
| Nota de lengua/lenguaje | Texto en catalán, español e inglés. |
| 600 17 - PUNTO DE ACCESO ADICIONAL DE MATERIA--NOMBRE DE PERSONA | |
| Nombre de persona | Pollock, Jackson, |
| Fechas asociadas al nombre | 1912-1956- |
| Subdivisión de forma | Exposiciones |
| Fuente del encabezamiento o término | |
| 9 (RLIN) | 153552 |
| 655 #7 - TERMINO DE INDIZACIÓN--GENERO/FORMA | |
| Fuente del término | tgfbne |
| 9 (RLIN) | 193628 |
| Datos o término principal de género/forma | Catálogos de exposiciones |
| 700 1# - ENTRADA AGREGADA--NOMBRE PERSONAL | |
| Nombre de persona | Pollock, Jackson, |
| Fechas asociadas al nombre | 1912-1956 |
| 9 (RLIN) | 153553 |
| 710 2# - ENTRADA AGREGADA--NOMBRE DE ENTIDAD CORPORATIVA | |
| Nombre de entidad corporativa o nombre de jurisdicción como elemento de entrada | Fundació Joan Miró. |
| 9 (RLIN) | 4204 |
| 852 ## - LOCALIZACIÓN | |
| Ubicación | ES-MaACL |
| Número de control de estantería | A-12869 |
| itemnumber | 189543 |
| Sublocalización o colección | R.149082 |
| Ubicación en estantería | Depósito 1 |
| Signatura antigua | Olim: N-5869 |
| Encuadernación | Donación: Real Academia Española |
| 914 ## - NOMBRE ENTIDAD DE DONANTE | |
| RLIN | 6336 |
| Nombre de congreso/reunión o jurisdicción como elemento de entrada | Real Academia Española |
| Unidad subordinada | Donante |
| 942 ## - ELEMENTOS DE ENTRADA SECUNDARIOS (KOHA) | |
| Fuente del sistema de clasificación o colocación | Clasificación decimal universal |
| Tipo de ítem Koha | Libro impreso |
| Estatus retirado | Estado de pérdida | Fuente del sistema de clasificación o colocación | Estado de daño | No para préstamo | Biblioteca de origen | Biblioteca actual | Ubicación en estantería | Fecha de adquisición | Fuente de adquisición | Total de préstamos | Signatura topográfica completa | Código de barras | Visto por última vez | Precio de reemplazo | Tipo de ítem Koha |
|---|---|---|---|---|---|---|---|---|---|---|---|---|---|---|---|
| Clasificación decimal universal | Biblioteca del Ateneo de Madrid | Biblioteca del Ateneo de Madrid | Depósito 1 | 07/10/2013 | Donación | A-12869 | 1191928 | 23/02/2023 | 23/02/2023 | Libro impreso |
